000 00582nam a2200193 i 4500
001 9912871810605606
005 20260512194904.0
008 800101s1972----pl------------000-0-pol-d
009 b0000090010757
035 _a990000441290207662-48omnis_network
035 _a(Aleph)000044129MBP01
035 _a(PL)b0000090010757
040 _aMBPWR
_cMBPWR
100 1 _aOżogowska, Hanna
_d(1904-1995)
245 0 0 _aZa minutę pierwsza miłość /
_cHanna Ożogowska .
260 _aWarszawa :
_b"Nasza Księgarnia",
_c1972 .
942 _2z
_cBK
999 _c38
_d38